Movies Quiz

Random Movies or Actor Quiz

Top Billed Actors On IMDb Quiz Stats

Quiz Updated Mar 27, 2015

Also try: IMDb Movie Genres
Challenge
Share
Tweet
Embed
Score 0/64 Timer 12:00
3 Plays Today
Hint Answer % Correct
The Dark KnightChristian Bale
92.6%
Pirates of the Caribbean: The Curse of the Black PearlJohnny Depp
91.9%
Ocean's Eleven (2001)George Clooney
88.4%
Pulp FictionJohn Travolta
86.9%
The Dark KnightHeath Ledger
86.5%
Pulp FictionSamuel L. Jackson
86%
Meet the FockersBen Stiller
85.4%
Ocean's Eleven (2001)Brad Pitt
83.2%
The DepartedMatt Damon
82.5%
Ocean's Eleven (2001)Matt Damon
82.5%
Meet the FockersRobert De Niro
80.7%
The AvengersRobert Downey Jr.
78.6%
The ExpendablesSylvester Stallone
78.1%
The DepartedLeonardo DiCaprio
77.5%
Pirates of the Caribbean: The Curse of the Black PearlOrlando Bloom
76.6%
Pirates of the Caribbean: The Curse of the Black PearlKeira Knightley
73.9%
Mamma Mia!Meryl Streep
73.2%
Spider-Man (2002)Tobey Maguire
71.6%
The Big Lebowski Jeff Bridges
70.8%
Pulp FictionUma Thurman
70%
Pulp FictionBruce Willis
68.6%
X-Men: Days of Future PastHugh Jackman
66.5%
The DepartedJack Nicholson
66.5%
SuperbadJonah Hill
65.7%
Spider-Man (2002)Kirsten Dunst
65.1%
The Big Lebowski John Goodman
61.3%
Ocean's Eleven (2001)Julia Roberts
61%
Rock of AgesTom Cruise
61%
The Dark KnightMichael Caine
60%
Love ActuallyHugh Grant
59.6%
SuperbadMichael Cera
59.1%
The AvengersChris Evans
57.4%
Hint Answer % Correct
Crazy, Stupid, Love.Emma Stone
55.8%
Mamma Mia!Pierce Brosnan
54.2%
X-Men: Days of Future PastPatrick Stewart
53%
The DepartedMark Wahlberg
52.2%
Spider-Man (2002)James Franco
51%
The AvengersScarlett Johansson
50%
Crazy, Stupid, Love.Steve Carell
50%
Crazy, Stupid, Love.Ryan Gosling
49%
Meet the FockersDustin Hoffman
47.2%
The ExpendablesJason Statham
47%
The Big Lebowski Julianne Moore
46.6%
Crazy, Stupid, Love.Julianne Moore
46.6%
The ExpendablesJet Li
45.7%
Pirates of the Caribbean: The Curse of the Black PearlGeoffrey Rush
43.8%
Meet the FockersBarbra Streisand
42.3%
Spider-Man (2002)Willem Dafoe
41.8%
The Big Lebowski Steve Buscemi
39.7%
X-Men: Days of Future PastIan McKellen
38.4%
Love ActuallyLiam Neeson
37.6%
The Dark KnightAaron Eckhart
36.5%
Mamma Mia!Amanda Seyfried
36%
X-Men: Days of Future PastJames McAvoy
34.9%
The AvengersJeremy Renner
31.7%
Rock of AgesAlec Baldwin
25.1%
The ExpendablesDolph Lundgren
23.6%
SuperbadBill Hader
20.3%
SuperbadChristopher Mintz-Plasse
20%
Rock of AgesJulianne Hough
18.4%
Love ActuallyLaura Linney
12.1%
Mamma Mia!Stellan Skarsgård
10.4%
Love ActuallyMartine McCutcheon
8.2%
Rock of AgesDiego Boneta
4%

You're not logged in!

Compare scores with friends on all Sporcle quizzes.
Join for Free
OR
Log In

You Might Also Like...

Show Comments

Extras

Top Quizzes Today


Score Distribution

Your Account Isn't Verified!

In order to create a playlist on Sporcle, you need to verify the email address you used during registration. Go to your Sporcle Settings to finish the process.

Report this User

Report this user for behavior that violates our Community Guidelines.

Details: